| 000 | 00928nam a2200253 i 4500 | ||
|---|---|---|---|
| 001 | 124071 | ||
| 003 | ES-MaACL | ||
| 005 | 20231220202828.0 | ||
| 008 | 070214s1981 sp f |||| |aspa d | ||
| 020 | _a84-206-2290-7 | ||
| 100 | 1 |
_aRamón y Cajal, Santiago, _d1852-1934 _9226468 |
|
| 245 | 1 | 0 |
_aRecuerdos de mi vida _b: historia de mi labor científica / _cSantiago Ramón y Cajal ; prólogo de Alberto Sols ; introducción de Fernando Reinoso Suárez. |
| 260 |
_aMadrid : _bAlianza Editorial, _c1981. |
||
| 300 |
_a386 p., [92] p. de lám. ; _c20 cm. |
||
| 490 | 1 |
_aAlianza universidad ; _v290 |
|
| 500 | _aÍndice. | ||
| 504 | _aBibliografía: p. 353-382. | ||
| 600 | 1 | 4 |
_aRamón y Cajal, Santiago, _d1852-1934 _9226468 |
| 700 | 1 |
_aSols, Alberto. _9107249 |
|
| 700 | 1 |
_aReinoso Suárez, Fernando. _996070 |
|
| 830 | 1 |
_aAlianza universidad ; _v290 _9177276 |
|
| 852 |
_aES-MaACL _jL-601 |
||
| 999 |
_c124071 _d124071 |
||